Comedias escogidas de don Fernando de Zarate. (Record no. 153664)

MARC details
000 -LEADER
campo de control de longitud fija 00630nam a2200169 i 4500
001 - NÚMERO DE CONTROL
campo de control 153664
003 - IDENTIFICADOR DE NÚMERO DE CONTROL
campo de control ES-MaACL
005 - FECHA Y HORA DE LA ÚLTIMA TRANSACCIÓN
campo de control 20230906205330.0
008 - DATOS DE LONGITUD FIJA--INFORMACIÓN GENERAL
campo de control de longitud fija 990901s1832 sp |||| | spa d
100 1# - ENTRADA PRINCIPAL--NOMBRE DE PERSONA
Nombre de persona Enríquez Gómez, Antonio,
Fechas asociadas al nombre 1600-1663
9 (RLIN) 47290
245 10 - MENCIÓN DEL TÍTULO
Título Comedias escogidas de don Fernando de Zarate.
260 ## - PUBLICACIÓN, DISTRIBUCIÓN, ETC.
Lugar de publicación, distribución, etc. Madrid :
Nombre del editor, distribuidor, etc. [s.n.],
Fecha de publicación, distribución, etc. 1832 (
Fabricante Imp. de Ortega)
300 ## - DESCRIPCIÓN FÍSICA
Extensión 1 v. (228 p.) ;
Dimensiones 15 cm.
505 8# - NOTA DE CONTENIDO CON FORMATO
Nota de contenido con formato Contiene: ;
Título Quien habla más obra menos (p. 1-109) ;
-- Mudarse por mejorarse (p. [111]- 228)
852 ## - LOCALIZACIÓN
Ubicación ES-MaACL
Número de control de estantería R-2399(2)
Nota libre - Enc. pasta
condición física - Sólo T. I. (228 p.)
Holdings
Estatus retirado Estado de pérdida Estado de daño No para préstamo Colección Biblioteca de origen Biblioteca actual Ubicación en estantería Fecha de adquisición Fuente de adquisición Total de préstamos Signatura topográfica completa Código de barras Visto por última vez Precio de reemplazo Tipo de ítem Koha
        Libros del s. XIX Biblioteca del Ateneo de Madrid Biblioteca del Ateneo de Madrid Depósito 17/01/2008     R-2399(2) 1160645 23/02/2023 23/02/2023 Libro impreso antiguo